Vista normal
Vista MARC
- Mercante, Víctor,
Entrada Nombre personal
Número de registros utilizados en: 13
001 - NÚMERO DE CONTROL
- campo de control: 30517
003 - IDENTIFICADOR DEL NÚMERO DE CONTROL
- campo de control: AR-RoBPED
005 - FECHA Y HORA DE LA ÚLTIMA TRANSACCIÓN
- campo de control: 20260331171757.0
008 - DATOS DE LONGITUD FIJA
- campo de control de longitud fija: 150603 n acznnaabn n aaa
016 7# - NÚMERO DE CONTROL DE UNA AGENCIA BIBLIOGRÁFICA NACIONAL
- Número de control del registro: 000036721
- Fuente: AR-BaBN
024 7# - IDENTIFICADOR DE OTROS ESTÁNDARES
- Número estándar o código: 72881706
- Fuente del número o código: viaf
040 ## - FUENTE DE LA CATALOGACIÓN
- Centro catalogador/agencia de origen: AR-BaBN
- Lengua de catalogación: spa
- Centro/agencia transcriptor: AR-BaBN
- Normas de descripción: aacr
- Centro/agencia modificador: AR-RoBPED
043 ## - CÓDIGO DE ÁREA GEOGRÁFICA
- Código de área geográfica: s-ag---
- Código ISO: ar-b
046 ## - FECHAS CON CODIFICACIÓN ESPECIAL
- Fecha de nacimiento: 18700221
- Fecha de la muerte: 19340920
100 1# - ENCABEZAMIENTO-NOMBRE DE PERSONA
- Nombre de persona: Mercante, Víctor,
- Fechas asociadas al nombre: 1870-1934
370 ## - LUGAR ASOCIADO
- Lugar de nacimiento: Merlo [Buenos Aires (Provincia)]
- Lugar de fallecimiento: Los Andes (Chile : Provincia)
372 ## - CAMPO DE ACTIVIDAD
- Campo de actividad: Educación
- Campo de actividad: Pedagogía
- Campo de actividad: Psicología
- Campo de actividad: Literatura
374 ## - OCUPACIÓN
- Ocupación: Pedagogos
- Ocupación: Psicólogos
- Ocupación: Profesores
- Ocupación: Escritores
- Ocupación: Guionistas de ópera
375 ## - GÉNERO/SEXO
- Género/Sexo: Varón
377 ## - LENGUA/LENGUAJE ASOCIADO
- Código del idioma: spa
- Término de lengua/lenguaje: español
670 ## - FUENTE DE DATOS ENCONTRADOS
- Cita de la fuente: WWW Isfd137 bue infd.edu.ar, 03 jun. 2015:
- Información encontrada: (Nació en Merlo, Bs. As. en 1870; Pedagogo y psicólogo; Representante del normalismo y precursor de la psicopedagogía; falleció en 1934, durante un viaje de regreso desde Chile)
- Identificador Uniforme del Recurso: http://isfd137.bue.infd.edu.ar/sitio/index.cgi?wid_seccion=17&wid_item=22
670 ## - FUENTE DE DATOS ENCONTRADOS
- Cita de la fuente: Paz, C. Efemérides lits. argentinas, 1999:
- Información encontrada: (El 21 de feb. de 1870 nace en Bs. As. el Dr. Víctor Mercante, pedagogo, escritor, humorista y autor de argumentos para óperas; m. en Los Andes, Chile el 20 de sep. de 1934)
670 ## - FUENTE DE DATOS ENCONTRADOS
- Cita de la fuente: WWW Wikipedia, 03 jun. 2015:
- Información encontrada: (Víctor Mercante (Merlo, 1870 - Los Andes, 1934); fue un pedagogo argentino quien contribuyó a la difusión de la educación laica y pública en Argentina)
678 0# - DATOS BIOGRÁFICOS O HISTÓRICOS
- Datos biográficos o históricos: Mercante, Víctor, 1870-1934. Autor argentino, nacido en Merlo, Prov. de Buenos Aires. Pedagogo, psicólogo, docente, escritor.